Poznámky k metodice výuky tématického celku elektrotechnika předmětů ZVOP : pro vnitřní potřebu škol Jihočeského kraje /

Hlavní autor: Mráz, František, pedagog
Jazyk: Čeština
Vydáno: České Budějovice : Krajský pedagogický ústav, 1981
Edice: Metodické materiály. Řada A
Témata:
Fyzický popis: 6 s.
Knihy
Uloženo v:
LEADER 00845nam a22002052a 4500
001 000414067
003 CZ BrMZK
005 20070929092931.0
008 010907s1981 xr f cze d
040 |a BOA001  |b cze  |c BOA002 
100 1 |a Mráz, František,  |c pedagog  |4 aut 
245 1 0 |a Poznámky k metodice výuky tématického celku elektrotechnika předmětů ZVOP :  |b pro vnitřní potřebu škol Jihočeského kraje /  |c František Mráz 
260 |a České Budějovice :  |b Krajský pedagogický ústav,  |c 1981 
300 |a 6 s. 
490 1 |a Metodické materiály. Řada A 
830 0 |a Metodické materiály. Řada A 
910 |a BOA001  |b PK-N-0022.294 
964 |a Základy výroby elektrotechnické - listy metodické - gymnázia 
990 |a BK 
996 7 |b 3119822967  |c PK-N-0022.294  |l MZK  |r Sklad / do 1 hodiny  |n 0  |w 000414067  |u 000010  |a 1  |e BOA001  |j MZK50  |s A